000 00925nam a2200265Ia 4500
003 OSt
005 20221005092327.0
006 a|||||r|||| 00| 0
007 ta
008 221004b |||||||| |||| 00| 0 eng d
020 _a9780415871389 (hbk)
_c7098.39
024 _a1674
037 _bBBS/37, 30/08/2012, Better Book Service
_cTextual
040 _aCRL
_cCRL
_beng
041 _2eng
_aeng
082 _aY:3(J3), Q2
100 _aMcLean Alice L
_9617145
245 0 _aAesthetic pleasure in twentieth century women's food writing
_b Innovative appetites of M. F. K. Fisher, Alics B. Toklas and Elizabeth David
260 _aNew York
_bRoutledge USA
_c2012
300 _axii,195p.
_ccm.
490 _aRoutledge studies in twentieth century literature
650 _aSOCIOLOGY
942 _hY:3(J3), Q2
_cTEXL
_2cc
999 _c998666
_d998666